000 00930nas a2200325 4500
001 BR9802474
003 BR-BrBNA
005 20231205100751.0
007 ta
008 230509b bl.|||p| |||| 00| 00por d
040 _aBR-BrBNA
_bpor
_cBiblioteca Nacional de Agricultura
041 _a(En)
072 _aM40
100 1 _aMortatti, J.
100 1 _aMoraes, J.M.
100 1 _aRodrigues Junior, C.
100 1 _aVictoria, R.L.
100 1 _aMartinelli, L.A.
245 1 _aHydrograph separation of the Amazon river using 18O as an isotopic tracer
650 _aMarcacao com Isotopo
650 _aHidrografia
650 _aBacia Hidrografica
650 _aDrenagem
650 _aRio
650 _aEscoamento
650 _aAmazonas
773 0 _tScientia Agricola (Brazil)
_xISSN 0103-9016
_g(Sep-Dec 1997), v. 54(3) p. 167-173
_wBR9802474
909 _a202311
_bLúcia
_c55
_dLúcia Elande
942 _2AGRIS
_n0
_cANA
999 _c157949
_d157949